Polskie kluby w Lidze Mistrzów od lat 70' - Statystyki

Ogólne statystyki
  • Ten quiz został rozwiązany 123 razy
  • Średni wynik to 24 z 28
Statystyki odpowiedzi
Hint Odpowiedź % Poprawnych
69/70 (1) Legia Warszawa
100%
95/96 (2) Legia Warszawa
100%
16/17 (3) Legia Warszawa
100%
70/71 (1) Lech Poznań
98%
83/84 (2) Lech Poznań
98%
84/85 (3) Lech Poznań
98%
90/91 (4) Lech Poznań
98%
92/93 (5) Lech Poznań
98%
93/94 (6) Lech Poznań
98%
81/82 (1) Widzew Łódź
91%
82/83 (2) Widzew Łódź
91%
96/97 (3) Widzew Łódź
91%
71/72 (1) Górnik Zabrze
87%
72/73 (2) Górnik Zabrze
87%
85/86 (3) Górnik Zabrze
87%
86/87 (4) Górnik Zabrze
87%
87/88 (5) Górnik Zabrze
87%
88/89 (6) Górnik Zabrze
87%
74/75 (1) Ruch Chorzów
84%
75/76 (2) Ruch Chorzów
84%
79/80 (3) Ruch Chorzów
84%
89/90 (4) Ruch Chorzów
84%
78/79 (1) Wisła Kraków
83%
77/78 (1) Śląsk Wrocław
62%
91/92 (1) Zagłębie Lubin
52%
73/74 (1) Stal Mielec
50%
76/77 (2) Stal Mielec
50%
80/81 (1) Szombierki Bytom
36%
Nie znaleziono quizów pasujących do podanych kryteriów
Rozkład punktacji
Procent ludzi z każdym wynikiem
Percentyl według liczby udzielonych odpowiedzi
Twoja historia wyników
Nie rozwiązałeś tego quizu